<?xml version="1.0" encoding="UTF-8"?>
<record
    xmlns:xsi="http://www.w3.org/2001/XMLSchema-instance"
    xsi:schemaLocation="http://www.loc.gov/MARC21/slim http://www.loc.gov/standards/marcxml/schema/MARC21slim.xsd"
    xmlns="http://www.loc.gov/MARC21/slim">

  <leader>01336nam a22002297a 4500</leader>
  <controlfield tag="005">20150124130444.0</controlfield>
  <controlfield tag="008">140509t        mx||||| |||| 00| 0 spa d</controlfield>
  <datafield tag="050" ind1="0" ind2="4">
    <subfield code="a">Q180 .A1</subfield>
    <subfield code="b">S56 1993</subfield>
  </datafield>
  <datafield tag="111" ind1="2" ind2=" ">
    <subfield code="a">Simposio la Investigaci&#xF3;n y el Desarollo Tecnol&#xF3;gico en Michoac&#xE1;n.</subfield>
    <subfield code="d">( 25 al 29 de Enero de 1993 :</subfield>
    <subfield code="e"> Morelia, Michoac&#xE1;n de Ocampo, M&#xE9;xico )</subfield>
  </datafield>
  <datafield tag="245" ind1="1" ind2="0">
    <subfield code="a">Simposio  la Investigaci&#xF3;n y el Desarollo Tecnol&#xF3;gico en Michoac&#xE1;n : Memoria /</subfield>
    <subfield code="c">Universidad Michoacana de San Nicol&#xE1;s de Hidalgo.</subfield>
  </datafield>
  <datafield tag="250" ind1=" " ind2=" ">
    <subfield code="a">1a. ed.</subfield>
  </datafield>
  <datafield tag="260" ind1=" " ind2=" ">
    <subfield code="a">Morelia, Michoac&#xE1;n de Ocampo, M&#xE9;xico :</subfield>
    <subfield code="b">UMSNH : CONACYT,</subfield>
    <subfield code="c">1993</subfield>
  </datafield>
  <datafield tag="300" ind1=" " ind2=" ">
    <subfield code="a">117 p. ;</subfield>
    <subfield code="c">28 cm.</subfield>
  </datafield>
  <datafield tag="504" ind1=" " ind2=" ">
    <subfield code="a">Incluye &#xED;ndice</subfield>
  </datafield>
  <datafield tag="650" ind1=" " ind2="7">
    <subfield code="2">ESCAMILLA</subfield>
    <subfield code="a">Ciencia</subfield>
    <subfield code="x">Alocuciones, ensayos y conferencias</subfield>
    <subfield code="z">Michoac&#xE1;n de Ocampo</subfield>
    <subfield code="z">M&#xE9;xico</subfield>
    <subfield code="v">Congresos</subfield>
  </datafield>
  <datafield tag="650" ind1=" " ind2="7">
    <subfield code="2">ESCAMILLA</subfield>
    <subfield code="a">Tecnolog&#xED;a</subfield>
    <subfield code="x">Alocuciones, ensayos y conferencias</subfield>
    <subfield code="z">Michoac&#xE1;n de Ocampo</subfield>
    <subfield code="z">M&#xE9;xico</subfield>
    <subfield code="v">Congresos</subfield>
  </datafield>
  <datafield tag="650" ind1=" " ind2="7">
    <subfield code="2">LEMB</subfield>
    <subfield code="a">Investigaci&#xF3;n</subfield>
    <subfield code="x">Alocuciones, ensayos y conferencias</subfield>
    <subfield code="z">Michoac&#xE1;n de Ocampo</subfield>
    <subfield code="z">M&#xE9;xico</subfield>
    <subfield code="v">Congresos</subfield>
  </datafield>
  <datafield tag="710" ind1="2" ind2=" ">
    <subfield code="a">Universidad Michoacana de San Nicol&#xE1;s de Hidalgo (UMSNH)</subfield>
  </datafield>
  <datafield tag="710" ind1="1" ind2=" ">
    <subfield code="a">M&#xE9;xico.</subfield>
    <subfield code="b">Consejo Nacional de Ciencia y Tecnolog&#xED;a (CONACYT)</subfield>
  </datafield>
  <datafield tag="711" ind1="2" ind2=" ">
    <subfield code="a">Simposio la Investigaci&#xF3;n y el Desarollo Tecnol&#xF3;gico en Michoac&#xE1;n.</subfield>
    <subfield code="d">( 25 al 29 de Enero de 1993 :</subfield>
    <subfield code="e"> Morelia, Michoac&#xE1;n de Ocampo, M&#xE9;xico )</subfield>
  </datafield>
  <datafield tag="942" ind1=" " ind2=" ">
    <subfield code="2">lcc</subfield>
    <subfield code="c">LIB</subfield>
  </datafield>
  <datafield tag="999" ind1=" " ind2=" ">
    <subfield code="c">51499</subfield>
    <subfield code="d">51499</subfield>
  </datafield>
  <datafield tag="952" ind1=" " ind2=" ">
    <subfield code="1">0</subfield>
    <subfield code="2">lcc</subfield>
    <subfield code="4">0</subfield>
    <subfield code="7">0</subfield>
    <subfield code="a">INV-033</subfield>
    <subfield code="b">INV-033</subfield>
    <subfield code="c">FM</subfield>
    <subfield code="d">2014-05-09</subfield>
    <subfield code="f">1a ed.</subfield>
    <subfield code="i">H</subfield>
    <subfield code="k">CNE</subfield>
    <subfield code="o">Q180 .A1 S56 1993</subfield>
    <subfield code="p">IIH000012317</subfield>
    <subfield code="r">2014-05-09 00:00:00</subfield>
    <subfield code="t">C:1</subfield>
    <subfield code="v">1.00</subfield>
    <subfield code="y">LIB</subfield>
    <subfield code="z">MICHOAC&#xC1;N</subfield>
  </datafield>
  <datafield tag="952" ind1=" " ind2=" ">
    <subfield code="1">0</subfield>
    <subfield code="2">lcc</subfield>
    <subfield code="4">0</subfield>
    <subfield code="7">0</subfield>
    <subfield code="a">INV-033</subfield>
    <subfield code="b">INV-033</subfield>
    <subfield code="c">FM</subfield>
    <subfield code="d">2014-05-09</subfield>
    <subfield code="f">1a ed.</subfield>
    <subfield code="i">H</subfield>
    <subfield code="k">CNE</subfield>
    <subfield code="o">Q180 .A1 S56 1993</subfield>
    <subfield code="p">IIH000012318</subfield>
    <subfield code="r">2014-05-09 00:00:00</subfield>
    <subfield code="t">C:2</subfield>
    <subfield code="v">1.00</subfield>
    <subfield code="y">LIB</subfield>
    <subfield code="z">MICHOAC&#xC1;N</subfield>
  </datafield>
</record>
